Sports Quiz

Random Sports or NFL Quiz

Green Bay Packers Opponents Quiz Stats

Quiz not verified by Sporcle

Challenge
Share
Tweet
Embed
Score 0/31 Timer 08:00
0 Plays Today
Number of Games Played Team % Correct
196Chicago Bears
100%
176Detroit Lions
100%
114Minnesota Vikings
97.4%
94Los Angeles Rams
74.8%
61New York Giants
65.2%
76Arizona Cardinals
63.5%
66San Francisco 49ers
60.9%
44Philadelphia Eagles
57.4%
4Houston Texans
57.4%
44Indianapolis Colts
54.8%
34Pittsburgh Steelers
53.9%
36Washington Redskins
53.9%
54Tampa Bay Buccaneers
52.2%
36Dallas Cowboys
51.3%
6Jacksonville Jaguars
50.4%
19Cleveland Browns
47%
Number of Games Played Team % Correct
25New Orleans Saints
46.1%
33Atlanta Falcons
46.1%
5Baltimore Ravens
41.7%
14Miami Dolphins
40.9%
21Seattle Seahawks
40%
14Carolina Panthers
38.3%
14Denver Broncos
37.4%
12Buffalo Bills
36.5%
11Los Angeles Chargers
35.7%
11New England Patriots
35.7%
12Tennessee Titans
34.8%
12New York Jets
34.8%
13Oakland Raiders
33.9%
12Kansas City Chiefs
33.9%
12Cincinnati Bengals
30.4%

You're not logged in!

Compare scores with friends on all Sporcle quizzes.
Sign Up with Email
OR
Log In

You Might Also Like...

Show Comments

Extras

Top Quizzes Today


Score Distribution

Your Account Isn't Verified!

In order to create a playlist on Sporcle, you need to verify the email address you used during registration. Go to your Sporcle Settings to finish the process.

Report this User

Report this user for behavior that violates our Community Guidelines.

Details: